000 00714nam a22002177a 4500
005 20251120163210.0
010 _aENG-147071
020 _a9788119626151
_c499.00
035 _aEN-130603
037 _bDBAD
_aDPL
082 _aS
_21
245 _aBandaged Moments/
_cEdited By Nabanita Sengupta [and] Nishi Pulugurtha
250 _a1
260 _aNew Delhi
_bNiyogi Books
_c2025
270 _aBlock D, Building No. 77, Okhla Industrial Area, Phase-I
_bNew Delhi
_e110020
300 _a391p.
_c20cm(pb)
500 _aStories of Mental Health by Women Writers from Indian Languages
700 _aSengupta, Nabanita
_eEditor
_985701
700 _aPulugurtha, Nishi
_eEditor
_985702
942 _2ddc
_cEN
_hS
_mBAN
999 _c213782
_d213782